000 00407nam a2200109Ia 4500
008 220204s9999 xx 000 0 und d
082 _a581.9:582.35
_bBED
100 _aBeddome, C R H
245 0 _aFerns of British India being figures and descriptions of ferns from all part of British India including Burma, Bangladesh, Ceylon, India and Pakistan. 2 V
260 _aDelhi
_bOxford and IBH
_c1973
942 _cBK
999 _c26706
_d26706